[Event "XIII International Chess Festival"]
[Site "Paracin"]
[Date "2020.07.03"]
[Round "1.1"]
[White "Basso, Pier Luigi"]
[Black "Celik, Hasan Huseyin"]
[Result "1-0"]
[BlackElo "1964"]
[WhiteElo "2596"]
[LiveChessVersion "1.4.8"]

1. d4 {[%clk 1:30:56]} d5 {[%clk 1:30:44]} 2. c4 {[%clk 1:30:49]} c6
{[%clk 1:30:56]} 3. Nf3 {[%clk 1:30:52]} e6 {[%clk 1:30:57]} 4. Nc3
{[%clk 1:28:18]} dxc4 {[%clk 1:31:15]} 5. e3 {[%clk 1:25:53]} b5 {[%clk 1:31:14]}
6. a4 {[%clk 1:26:17]} Bb4 {[%clk 1:31:36]} 7. Bd2 {[%clk 1:26:40]} a5
{[%clk 1:31:45]} 8. axb5 {[%clk 1:26:48]} Bxc3 {[%clk 1:32:02]} 9. Bxc3
{[%clk 1:27:12]} cxb5 {[%clk 1:32:21]} 10. b3 {[%clk 1:27:36]} Bb7
{[%clk 1:32:43]} 11. bxc4 {[%clk 1:27:58]} b4 {[%clk 1:33:07]} 12. Bb2
{[%clk 1:28:21]} Nf6 {[%clk 1:33:31]} 13. Bd3 {[%clk 1:28:37]} O-O
{[%clk 1:33:43]} 14. O-O {[%clk 1:29:01]} Nbd7 {[%clk 1:34:06]} 15. Nd2
{[%clk 1:29:17]} Re8 {[%clk 1:33:14]} 16. Bc2 {[%clk 1:21:42]} e5
{[%clk 1:21:21]} 17. Ba4 {[%clk 1:16:58]} exd4 {[%clk 1:16:30]} 18. exd4
{[%clk 1:17:12]} Ne4 {[%clk 1:07:45]} 19. Re1 {[%clk 1:02:37]} Qc7
{[%clk 1:02:52]} 20. Nxe4 {[%clk 1:00:00]} Rxe4 {[%clk 1:01:31]} 21. Rxe4
{[%clk 0:58:37]} Bxe4 {[%clk 1:01:53]} 22. Qe2 {[%clk 0:58:43]} Bb7
{[%clk 0:55:20]} 23. Qe7 {[%clk 0:55:40]} Bc6 {[%clk 0:54:06]} 24. Bxc6
{[%clk 0:54:39]} Qxc6 {[%clk 0:54:33]} 25. Rxa5 {[%clk 0:53:49]} Rc8
{[%clk 0:50:27]} 26. h3 {[%clk 0:50:28]} Nb6 {[%clk 0:41:48]} 27. Rc5
{[%clk 0:42:39]} Qe8 {[%clk 0:42:13]} 28. Rxc8 {[%clk 0:42:21]} Qxc8
{[%clk 0:42:29]} 29. c5 {[%clk 0:42:33]} Na4 {[%clk 0:41:30]} 30. c6
{[%clk 0:41:54]} Qf8 {[%clk 0:37:39]} 31. Qb7 {[%clk 0:41:49]} 1-0

[Event "XIII International Chess Festival"]
[Site "Paracin"]
[Date "2020.07.03"]
[Round "1.2"]
[White "Zlatkov, Anton"]
[Black "Ernst, Sipke"]
[Result "0-1"]
[BlackElo "2540"]
[WhiteElo "1948"]
[LiveChessVersion "1.4.8"]

1. e4 {[%clk 1:30:55]} c5 {[%clk 1:30:49]} 2. c3 {[%clk 1:31:12]} Nf6
{[%clk 1:31:03]} 3. e5 {[%clk 1:31:28]} Nd5 {[%clk 1:31:29]} 4. d4
{[%clk 1:31:36]} e6 {[%clk 1:31:27]} 5. Nf3 {[%clk 1:31:35]} cxd4
{[%clk 1:31:52]} 6. cxd4 {[%clk 1:31:43]} Qc7 {[%clk 1:31:25]} 7. Bd3
{[%clk 1:26:03]} b6 {[%clk 1:27:01]} 8. O-O {[%clk 1:23:37]} Ba6 {[%clk 1:27:00]}
9. a3 {[%clk 1:21:31]} h6 {[%clk 1:24:33]} 10. Bxa6 {[%clk 1:14:07]} Nxa6
{[%clk 1:24:59]} 11. Qd3 {[%clk 1:13:09]} Qb7 {[%clk 1:25:10]} 12. Be3
{[%clk 1:03:08]} Be7 {[%clk 1:20:38]} 13. Nc3 {[%clk 1:00:48]} Nac7
{[%clk 1:20:43]} 14. Nd2 {[%clk 0:59:41]} O-O {[%clk 1:18:30]} 15. Nc4
{[%clk 0:50:31]} Nxc3 {[%clk 1:13:06]} 16. bxc3 {[%clk 0:49:36]} Qa6
{[%clk 1:13:30]} 17. Nb2 {[%clk 0:42:43]} Qxd3 {[%clk 1:13:38]} 18. Nxd3
{[%clk 0:43:08]} Nb5 {[%clk 1:13:02]} 19. c4 {[%clk 0:36:19]} Nxa3
{[%clk 1:13:04]} 20. Rfc1 {[%clk 0:36:16]} Rfc8 {[%clk 1:07:54]} 21. Nb2
{[%clk 0:35:25]} Bb4 {[%clk 1:05:45]} 22. Nd3 {[%clk 0:30:58]} a5
{[%clk 1:04:33]} 23. c5 {[%clk 0:30:13]} bxc5 {[%clk 1:04:26]} 24. Nxc5
{[%clk 0:29:50]} Nb5 {[%clk 1:00:10]} 25. Nxd7 {[%clk 0:21:36]} Rxc1+
{[%clk 1:00:35]} 26. Rxc1 {[%clk 0:20:57]} Rd8 {[%clk 1:00:26]} 27. Nb6
{[%clk 0:19:08]} Nxd4 {[%clk 1:00:47]} 28. Kf1 {[%clk 0:17:09]} Nb5
{[%clk 0:57:32]} 29. Ra1 {[%clk 0:11:50]} Nc3 {[%clk 0:56:28]} 30. Na4
{[%clk 0:10:23]} Nxa4 {[%clk 0:55:27]} 31. Rxa4 {[%clk 0:10:47]} g5
{[%clk 0:54:36]} 32. h4 {[%clk 0:07:45]} gxh4 {[%clk 0:54:49]} 33. Ke2
{[%clk 0:07:17]} Kh7 {[%clk 0:54:33]} 34. Ra1 {[%clk 0:03:02]} Ra8
{[%clk 0:52:22]} 35. Rh1 {[%clk 0:02:00]} Be7 {[%clk 0:52:16]} 36. g3
{[%clk 0:01:02]} hxg3 {[%clk 0:52:40]} 37. fxg3 {[%clk 0:01:10]} Bf8
{[%clk 0:53:01]} 38. Rf1 {[%clk 0:01:14]} Kg8 {[%clk 0:53:26]} 39. Bd4
{[%clk 0:01:02]} a4 {[%clk 0:53:50]} 40. Kd3 {[%clk 0:00:49]} a3 {[%clk 0:54:14]}
41. Ra1 {[%clk 0:01:05]} Be7 {[%clk 0:53:37]} 42. Ra2 {[%clk 0:01:03]} Kg7
{[%clk 0:53:51]} 43. Be3 {[%clk 0:01:07]} h5 {[%clk 0:54:01]} 44. Bd4
{[%clk 0:00:37]} Kg6 {[%clk 0:54:23]} 45. Rf2 {[%clk 0:00:47]} Rb8
{[%clk 0:53:03]} 46. Ke4 {[%clk 0:00:39]} Rb4 {[%clk 0:52:57]} 47. Kd3
{[%clk 0:00:56]} Rb3+ {[%clk 0:53:20]} 0-1

[Event "XIII International Chess Festival"]
[Site "Paracin"]
[Date "2020.07.03"]
[Round "1.4"]
[White "Marjanovic, Rastko"]
[Black "Cabarkapa, Novak"]
[Result "0-1"]
[BlackElo "2459"]
[WhiteElo "1932"]
[LiveChessVersion "1.4.8"]

1. Nf3 {[%clk 1:30:56]} Nf6 {[%clk 1:30:03]} 2. g3 {[%clk 1:30:46]} g6
{[%clk 1:30:26]} 3. Bg2 {[%clk 1:31:07]} Bg7 {[%clk 1:30:51]} 4. O-O
{[%clk 1:31:26]} O-O {[%clk 1:31:17]} 5. d3 {[%clk 1:31:33]} d5 {[%clk 1:31:03]}
6. c4 {[%clk 1:31:03]} c6 {[%clk 1:24:22]} 7. Nbd2 {[%clk 1:24:08]} Re8
{[%clk 1:14:31]} 8. Qc2 {[%clk 1:13:29]} Na6 {[%clk 1:07:51]} 9. a3
{[%clk 1:05:32]} e5 {[%clk 1:02:51]} 10. e4 {[%clk 1:01:41]} dxe4
{[%clk 1:00:48]} 11. dxe4 {[%clk 1:02:04]} Nc5 {[%clk 1:00:14]} 12. b4
{[%clk 0:56:50]} Nd3 {[%clk 0:55:19]} 13. Bb2 {[%clk 0:50:24]} Nxb2
{[%clk 0:54:18]} 14. Qxb2 {[%clk 0:49:50]} b6 {[%clk 0:52:58]} 15. Rfd1
{[%clk 0:42:26]} Qe7 {[%clk 0:52:42]} 16. Qc2 {[%clk 0:39:11]} Bf8
{[%clk 0:43:22]} 17. Nb1 {[%clk 0:32:53]} a5 {[%clk 0:37:53]} 18. b5
{[%clk 0:29:53]} Qc5 {[%clk 0:37:46]} 19. Qe2 {[%clk 0:25:55]} Be6
{[%clk 0:32:22]} 20. Nbd2 {[%clk 0:20:46]} a4 {[%clk 0:31:14]} 21. bxc6
{[%clk 0:20:08]} Ra5 {[%clk 0:30:34]} 22. Rdb1 {[%clk 0:17:22]} Qxc6
{[%clk 0:30:36]} 23. Ne1 {[%clk 0:16:38]} Rd8 {[%clk 0:24:59]} 24. Nc2
{[%clk 0:15:13]} Bg4 {[%clk 0:24:12]} 25. f3 {[%clk 0:14:27]} Be6
{[%clk 0:21:32]} 26. Ne3 {[%clk 0:13:32]} Bc5 {[%clk 0:18:27]} 27. Kh1
{[%clk 0:12:48]} Qd6 {[%clk 0:17:48]} 28. Nd5 {[%clk 0:12:45]} Nh5
{[%clk 0:18:03]} 29. Nf1 {[%clk 0:09:57]} Kh8 {[%clk 0:16:29]} 30. Rd1
{[%clk 0:06:52]} Qf8 {[%clk 0:16:36]} 31. Rd3 {[%clk 0:06:27]} Bd4
{[%clk 0:15:17]} 32. Rb1 {[%clk 0:05:28]} Rc5 {[%clk 0:13:11]} 33. Rdd1
{[%clk 0:04:34]} b5 {[%clk 0:11:13]} 34. Rb4 {[%clk 0:02:05]} bxc4
{[%clk 0:11:15]} 35. Rxc4 {[%clk 0:01:18]} Rxc4 {[%clk 0:10:59]} 36. Qxc4
{[%clk 0:01:43]} Qxa3 {[%clk 0:11:01]} 37. Rxd4 {[%clk 0:01:46]} exd4
{[%clk 0:11:11]} 38. Qxd4+ {[%clk 0:02:14]} Ng7 {[%clk 0:11:23]} 39. Qb6
{[%clk 0:01:54]} Qd6 {[%clk 0:10:57]} 40. Qa5 {[%clk 0:01:23]} Bxd5
{[%clk 0:10:35]} 41. exd5 {[%clk 0:01:50]} a3 {[%clk 0:10:51]} 42. Ne3
{[%clk 0:01:32]} Rc8 {[%clk 0:10:35]} 43. Bf1 {[%clk 0:01:07]} Qc5
{[%clk 0:09:39]} 44. Qa6 {[%clk 0:00:56]} Re8 {[%clk 0:08:57]} 45. Nc4
{[%clk 0:00:49]} Qf2 {[%clk 0:08:39]} 46. Nxa3 {[%clk 0:01:06]} Re1
{[%clk 0:08:46]} 47. Qa8+ {[%clk 0:01:31]} Ne8 {[%clk 0:09:10]} 0-1

[Event "XIII International Chess Festival"]
[Site "Paracin"]
[Date "2020.07.03"]
[Round "1.9"]
[White "Radovanovic, Nikola"]
[Black "Kisic, Jovan"]
[Result "1-0"]
[BlackElo "1903"]
[WhiteElo "2389"]
[LiveChessVersion "1.4.8"]

1. d4 {[%clk 1:30:31]} Nf6 {[%clk 1:30:45]} 2. c4 {[%clk 1:30:02]} c5
{[%clk 1:30:56]} 3. d5 {[%clk 1:30:19]} b5 {[%clk 1:31:08]} 4. Qc2
{[%clk 1:27:46]} d6 {[%clk 1:30:29]} 5. e4 {[%clk 1:27:47]} g6 {[%clk 1:30:05]}
6. cxb5 {[%clk 1:26:15]} Bg7 {[%clk 1:27:52]} 7. Nc3 {[%clk 1:26:24]} O-O
{[%clk 1:27:37]} 8. Nf3 {[%clk 1:25:44]} Nbd7 {[%clk 1:25:11]} 9. h3
{[%clk 1:24:01]} a6 {[%clk 1:24:44]} 10. a4 {[%clk 1:22:02]} Ne8 {[%clk 1:20:41]}
11. Ra3 {[%clk 1:17:45]} Nc7 {[%clk 1:14:54]} 12. Be2 {[%clk 1:11:54]} axb5
{[%clk 1:10:48]} 13. axb5 {[%clk 1:10:55]} Bb7 {[%clk 1:08:40]} 14. O-O
{[%clk 1:06:44]} Nb6 {[%clk 0:59:32]} 15. Bd2 {[%clk 0:55:28]} Qd7
{[%clk 0:56:56]} 16. Rfa1 {[%clk 0:53:21]} e6 {[%clk 0:51:01]} 17. dxe6
{[%clk 0:47:16]} Nxe6 {[%clk 0:50:25]} 18. Na4 {[%clk 0:40:34]} Nxa4
{[%clk 0:46:22]} 19. Rxa4 {[%clk 0:40:09]} d5 {[%clk 0:37:11]} 20. exd5
{[%clk 0:32:45]} Bxd5 {[%clk 0:36:20]} 21. Bc3 {[%clk 0:17:01]} Rxa4
{[%clk 0:30:43]} 22. Qxa4 {[%clk 0:13:56]} Qc7 {[%clk 0:23:32]} 23. Bxg7
{[%clk 0:10:28]} Kxg7 {[%clk 0:23:34]} 24. Qa3 {[%clk 0:06:04]} Nf4
{[%clk 0:22:51]} 25. Bf1 {[%clk 0:05:52]} Re8 {[%clk 0:19:58]} 26. Rc1
{[%clk 0:04:13]} Qb7 {[%clk 0:18:38]} 27. Rxc5 {[%clk 0:02:03]} Nxh3+
{[%clk 0:18:45]} 28. gxh3 {[%clk 0:02:28]} Bxf3 {[%clk 0:19:11]} 29. Qc3+
{[%clk 0:02:50]} Kg8 {[%clk 0:19:18]} 30. Rc7 {[%clk 0:01:39]} Qd5
{[%clk 0:18:39]} 31. Qf6 {[%clk 0:01:45]} Be4 {[%clk 0:16:30]} 32. Bc4
{[%clk 0:01:25]} Qd1+ {[%clk 0:16:48]} 33. Kh2 {[%clk 0:01:47]} Qh1+
{[%clk 0:16:45]} 34. Kg3 {[%clk 0:02:02]} Qg2+ {[%clk 0:16:50]} 35. Kh4
{[%clk 0:02:25]} Bd5 {[%clk 0:17:16]} 36. Bxd5 {[%clk 0:01:34]} Qxd5
{[%clk 0:17:38]} 37. b6 {[%clk 0:01:13]} Qb3 {[%clk 0:16:58]} 38. b7
{[%clk 0:01:02]} h6 {[%clk 0:17:09]} 39. Rc8 {[%clk 0:00:42]} g5+
{[%clk 0:17:03]} 40. Kg4 {[%clk 0:01:04]} Qd1+ {[%clk 0:16:56]} 41. Qf3
{[%clk 0:00:50]} h5+ {[%clk 0:16:38]} 42. Kxg5 {[%clk 0:00:40]} Qxf3
{[%clk 0:13:36]} 43. Rxe8+ {[%clk 0:01:04]} Kg7 {[%clk 0:14:01]} 44. b8=Q
{[%clk 0:00:51]} f6+ {[%clk 0:14:02]} 45. Kg4 1-0

[Event "XIII International Chess Festival"]
[Site "Paracin"]
[Date "2020.07.03"]
[Round "1.12"]
[White "Demir, Baran"]
[Black "Radeva, Viktoria"]
[Result "0-1"]
[BlackElo "2327"]
[WhiteElo "1866"]
[LiveChessVersion "1.4.8"]

1. d4 {[%clk 1:30:33]} d5 {[%clk 1:30:54]} 2. Bf4 {[%clk 1:30:42]} Nf6
{[%clk 1:31:01]} 3. Nf3 {[%clk 1:30:50]} e6 {[%clk 1:31:20]} 4. e3
{[%clk 1:31:10]} Bd6 {[%clk 1:31:46]} 5. Bxd6 {[%clk 1:31:08]} Qxd6
{[%clk 1:32:10]} 6. c4 {[%clk 1:31:26]} b6 {[%clk 1:29:59]} 7. Nc3
{[%clk 1:31:15]} O-O {[%clk 1:25:53]} 8. Rc1 {[%clk 1:30:37]} a6 {[%clk 1:20:28]}
9. cxd5 {[%clk 1:27:37]} exd5 {[%clk 1:20:48]} 10. Qc2 {[%clk 1:24:39]} Nbd7
{[%clk 1:14:37]} 11. Bd3 {[%clk 1:23:29]} Bb7 {[%clk 1:14:00]} 12. O-O
{[%clk 1:22:34]} c5 {[%clk 1:04:10]} 13. dxc5 {[%clk 1:21:31]} bxc5
{[%clk 0:58:29]} 14. Rfd1 {[%clk 1:17:44]} Rfe8 {[%clk 0:51:37]} 15. Qb3
{[%clk 1:11:18]} Rab8 {[%clk 0:48:25]} 16. Qa3 {[%clk 1:09:48]} Qe6
{[%clk 0:43:27]} 17. Na4 {[%clk 1:08:40]} d4 {[%clk 0:35:51]} 18. Nxc5
{[%clk 1:01:22]} Nxc5 {[%clk 0:36:04]} 19. Qxc5 {[%clk 0:57:12]} Bxf3
{[%clk 0:31:20]} 20. gxf3 {[%clk 0:57:31]} dxe3 {[%clk 0:30:45]} 21. Qxe3
{[%clk 0:56:42]} Qxa2 {[%clk 0:28:48]} 22. Qd4 {[%clk 0:52:24]} Qa5
{[%clk 0:23:11]} 23. Rc5 {[%clk 0:50:16]} Qb6 {[%clk 0:22:55]} 24. Qc3
{[%clk 0:49:42]} Qxb2 {[%clk 0:17:56]} 25. Qxb2 {[%clk 0:49:46]} Rxb2
{[%clk 0:18:25]} 26. Bxa6 {[%clk 0:49:56]} Rb6 {[%clk 0:17:13]} 27. Bc4
{[%clk 0:48:26]} Rb7 {[%clk 0:17:30]} 28. Ba6 {[%clk 0:47:02]} Rbe7
{[%clk 0:16:49]} 29. Bb5 {[%clk 0:47:09]} Re1+ {[%clk 0:11:40]} 30. Rxe1
{[%clk 0:47:30]} Rxe1+ {[%clk 0:12:09]} 31. Kg2 {[%clk 0:47:19]} g6
{[%clk 0:12:22]} 32. Bc4 {[%clk 0:45:59]} Re7 {[%clk 0:11:13]} 33. Kf1
{[%clk 0:40:51]} Nh5 {[%clk 0:11:02]} 34. Kg2 {[%clk 0:40:31]} Kg7
{[%clk 0:11:21]} 35. Bb5 {[%clk 0:34:07]} h6 {[%clk 0:07:01]} 36. h4
{[%clk 0:23:56]} Re1 {[%clk 0:06:36]} 37. Rc7 {[%clk 0:21:06]} Nf4+
{[%clk 0:06:44]} 38. Kh2 {[%clk 0:20:38]} Ne6 {[%clk 0:06:57]} 39. Rc3
{[%clk 0:17:46]} Nd4 {[%clk 0:06:55]} 40. Bd7 {[%clk 0:14:47]} Re7
{[%clk 0:05:38]} 41. Bh3 {[%clk 0:14:35]} Re2 {[%clk 0:05:22]} 42. Rd3
{[%clk 0:11:56]} Nc6 {[%clk 0:04:58]} 43. Kg2 {[%clk 0:11:23]} Rb2
{[%clk 0:03:01]} 44. f4 {[%clk 0:09:58]} Rb4 {[%clk 0:02:47]} 45. Kg3
{[%clk 0:10:08]} Nd4 {[%clk 0:03:02]} 46. Re3 {[%clk 0:08:28]} Kf6
{[%clk 0:03:08]} 47. Re5 {[%clk 0:07:59]} Rb3+ {[%clk 0:02:11]} 48. Re3
{[%clk 0:02:51]} Rb2 {[%clk 0:02:34]} 49. Rd3 {[%clk 0:02:15]} Rb4
{[%clk 0:01:53]} 50. Bd7 {[%clk 0:01:06]} Ne2+ {[%clk 0:02:01]} 51. Kf3
{[%clk 0:00:37]} Nxf4 {[%clk 0:02:24]} 52. Rd6+ {[%clk 0:00:42]} Ke5
{[%clk 0:01:43]} 53. Ra6 {[%clk 0:00:35]} Rb3+ {[%clk 0:02:01]} 54. Kg4
{[%clk 0:00:37]} f5+ {[%clk 0:02:25]} 0-1

[Event "XIII International Chess Festival"]
[Site "Paracin"]
[Date "2020.07.03"]
[Round "1.13"]
[White "Pasti, Aron"]
[Black "Stojanovic, Milorad"]
[Result "1-0"]
[BlackElo "1860"]
[WhiteElo "2325"]
[LiveChessVersion "1.4.8"]

1. e4 {[%clk 1:30:46]} e5 {[%clk 1:30:44]} 2. Nf3 {[%clk 1:31:04]} Nc6
{[%clk 1:31:04]} 3. Bb5 {[%clk 1:31:29]} a6 {[%clk 1:31:21]} 4. Ba4
{[%clk 1:31:53]} Nf6 {[%clk 1:31:36]} 5. O-O {[%clk 1:32:14]} Be7
{[%clk 1:31:51]} 6. Re1 {[%clk 1:32:15]} b5 {[%clk 1:32:10]} 7. Bb3
{[%clk 1:32:41]} d6 {[%clk 1:32:31]} 8. c3 {[%clk 1:33:05]} O-O {[%clk 1:32:47]}
9. h3 {[%clk 1:33:24]} Nb8 {[%clk 1:32:55]} 10. a4 {[%clk 1:32:37]} Bb7
{[%clk 1:31:27]} 11. Bc2 {[%clk 1:32:44]} c5 {[%clk 1:30:32]} 12. axb5
{[%clk 1:30:32]} axb5 {[%clk 1:30:52]} 13. Rxa8 {[%clk 1:31:00]} Bxa8
{[%clk 1:31:14]} 14. d4 {[%clk 1:31:20]} Qc7 {[%clk 1:22:35]} 15. d5
{[%clk 1:31:06]} h6 {[%clk 1:14:36]} 16. Nbd2 {[%clk 1:30:04]} Nh7
{[%clk 1:09:15]} 17. Nf1 {[%clk 1:29:36]} b4 {[%clk 1:04:49]} 18. c4
{[%clk 1:27:09]} Bb7 {[%clk 1:00:12]} 19. Ng3 {[%clk 1:26:01]} Re8
{[%clk 0:56:05]} 20. Nf5 {[%clk 1:23:51]} Bf8 {[%clk 0:56:34]} 21. Nh2
{[%clk 1:22:50]} Bc8 {[%clk 0:55:07]} 22. Ba4 {[%clk 1:20:22]} Bd7
{[%clk 0:52:48]} 23. f4 {[%clk 1:17:38]} Bxa4 {[%clk 0:43:58]} 24. Qxa4
{[%clk 1:17:58]} Qd7 {[%clk 0:44:14]} 25. Qb3 {[%clk 1:09:52]} g6
{[%clk 0:43:12]} 26. Ng3 {[%clk 1:10:13]} exf4 {[%clk 0:37:46]} 27. Bxf4
{[%clk 1:10:39]} Bg7 {[%clk 0:37:29]} 28. Re2 {[%clk 0:58:50]} f6
{[%clk 0:29:59]} 29. Ngf1 {[%clk 0:56:07]} g5 {[%clk 0:26:49]} 30. Bc1
{[%clk 0:52:30]} f5 {[%clk 0:25:54]} 31. Ng3 {[%clk 0:45:48]} fxe4
{[%clk 0:23:35]} 32. Nxe4 {[%clk 0:43:52]} Nf6 {[%clk 0:19:48]} 33. Qd3
{[%clk 0:35:53]} Rxe4 {[%clk 0:18:50]} 34. Rxe4 {[%clk 0:36:16]} Nxe4
{[%clk 0:19:13]} 35. Qxe4 {[%clk 0:36:42]} Qf7 {[%clk 0:14:48]} 36. h4
{[%clk 0:27:44]} Nd7 {[%clk 0:08:17]} 37. hxg5 {[%clk 0:27:33]} hxg5
{[%clk 0:08:16]} 38. Nf3 {[%clk 0:26:51]} Nf6 {[%clk 0:06:21]} 39. Qf5
{[%clk 0:26:15]} g4 {[%clk 0:06:07]} 40. Ng5 {[%clk 0:26:01]} Qh5
{[%clk 0:05:00]} 41. Qe6+ {[%clk 0:22:11]} Kh8 {[%clk 0:04:39]} 42. Qxd6
{[%clk 0:20:05]} g3 {[%clk 0:04:31]} 43. Qxg3 {[%clk 0:11:53]} Qd1+
{[%clk 0:04:32]} 44. Kh2 {[%clk 0:12:12]} Qxc1 {[%clk 0:04:39]} 45. Qh3+
{[%clk 0:12:33]} Kg8 {[%clk 0:04:17]} 46. Qe6+ {[%clk 0:12:57]} Kh8
{[%clk 0:04:01]} 47. Qc8+ {[%clk 0:13:10]} Ng8 {[%clk 0:04:05]} 48. Nf7+
{[%clk 0:13:38]} Kh7 {[%clk 0:04:15]} 49. Qf5# {[%clk 0:14:05]} 1-0

[Event "XIII International Chess Festival"]
[Site "Paracin"]
[Date "2020.07.03"]
[Round "1.14"]
[White "Kostadinovic, Uros"]
[Black "Pastar, Slaven"]
[Result "0-1"]
[BlackElo "2323"]
[WhiteElo "1859"]
[LiveChessVersion "1.4.8"]

1. e4 b6 2. d4 Bb7 3. Nc3 e6 4. Bd3 Nf6 5. Nge2 c5 6. f3 d5 7. Bb5+ Bc6 8. Bxc6+
Nxc6 9. Bf4 dxe4 10. fxe4 cxd4 11. Nb5 e5 12. Bg5 a6 13. Bxf6 gxf6 14. Na3 Bb4+
15. Kf2 f5 16. exf5 e4 17. Rf1 d3 18. Ng3 Qd4# 19. Ke1 0-1

[Event "XIII International Chess Festival"]
[Site "Paracin"]
[Date "2020.07.03"]
[Round "1.16"]
[White "Ljepic, Andrej"]
[Black "Formento, Paolo"]
[Result "0-1"]
[BlackElo "2294"]
[WhiteElo "1852"]
[LiveChessVersion "1.4.8"]

1. e4 e5 2. Nf3 Nc6 3. Bc4 Bc5 4. c3 Nf6 5. d3 a6 6. a4 d6 7. O-O Ba7 8. h3 O-O
9. Na3 Ne7 10. Nc2 Ng6 11. Re1 c6 12. d4 exd4 13. Ncxd4 Nxe4 14. Rxe4 d5 15. Bxd5
Qxd5 16. Re1 Rd8 17. Be3 h6 18. Nc2 Qa5 19. b4 Qc7 20. Qc1 Be6 21. Bxa7 Rxa7 22.
Nfd4 Bd5 23. Ne3 Raa8 24. Nxd5 Rxd5 25. Qc2 Qd7 26. Nf3 Rd8 27. Re3 c5 28. Rae1
cxb4 29. cxb4 Rd1 30. Rxd1 Qxd1+ 31. Qxd1 Rxd1+ 32. Kh2 Rb1 33. Re4 Nf8 34. Ne5
Ne6 35. Nd3 Rb3 36. Nc5 Nxc5 37. bxc5 Kf8 38. Rc4 a5 39. c6 bxc6 40. Rxc6 Rb4 41.
Rc8+ Ke7 42. Rc7+ Ke6 43. Ra7 Rxa4 44. Kg3 g6 45. f3 Kf6 46. Kh2 h5 47. Kg3 h4+
48. Kh2 Ke5 0-1

[Event "International OPEN "]
[Site "Paracin, Pool "]
[Date "2020.07.03"]
[Round "1.17"]
[White "Van Dael, Siem"]
[Black "Durak, Can"]
[Result "1-0"]
[WhiteElo "2293"]
[BlackElo "1847"]
[PlyCount "47"]
[EventDate "2020.07.03"]

1. e4 e5 2. Nf3 Nc6 3. Bc4 Bc5 4. c3 Nf6 5. d3 d6 6. O-O a6 7. a4 O-O 8. Bg5 h6
9. Bh4 g5 10. Bg3 g4 11. Nh4 d5 12. exd5 Nxd5 13. Qe2 Be7 14. Qe4 Bxh4 15. Bxd5
Bxg3 16. Qg6+ Kh8 17. Qxh6+ Kg8 18. fxg3 Qxd5 19. Qg5+ Kh8 20. Rf6 Qxd3 21.
Rh6+ Qh7 22. Qf6+ Kg8 23. Rxh7 Kxh7 24. Nd2 1-0

[Event "International OPEN "]
[Site "Paracin, Pool "]
[Date "2020.07.03"]
[Round "1.18"]
[White "Lazic, Emanuel"]
[Black "Ivanovic, Marko"]
[Result "0-1"]
[WhiteElo "1846"]
[BlackElo "2267"]
[PlyCount "62"]
[EventDate "2020.07.03"]

1. e4 c5 2. Nf3 Nc6 3. d4 cxd4 4. Nxd4 Nf6 5. Nc3 e6 6. Be3 Bb4 7. Nxc6 bxc6 8.
f3 d5 9. exd5 exd5 10. a3 Bd6 11. Be2 Qc7 12. g3 O-O 13. Kf2 Re8 14. Qd2 Bh3
15. b4 a5 16. Na4 axb4 17. axb4 Rxe3 18. Qxe3 Re8 19. Qb6 Qe7 20. Bd3 Be5 21.
Rae1 Ng4+ 22. Ke2 Bxg3+ 23. Kd1 Bxe1 24. fxg4 Bxb4 25. Kc1 Bd6 26. Qd4 c5 27.
Qf2 c4 28. Bf5 Ba3+ 29. Kd1 Qb4 30. c3 Qxa4+ 31. Bc2 Bxg4+ 0-1

[Event "International OPEN "]
[Site "Paracin, Pool "]
[Date "2020.07.03"]
[Round "1.19"]
[White "Krasteva, Beloslava"]
[Black "Zakharov, Denis"]
[Result "1-0"]
[WhiteElo "2246"]
[BlackElo "1839"]
[PlyCount "63"]
[EventDate "2020.07.03"]

1. d4 d5 2. c4 e6 3. Nc3 Nf6 4. cxd5 exd5 5. Bg5 h6 6. Bh4 Be7 7. e3 Bf5 8.
Bxf6 Bxf6 9. Qb3 c6 10. Qxb7 Qb6 11. Qxb6 axb6 12. Nf3 O-O 13. Kd2 b5 14. Bd3
Bxd3 15. Kxd3 b4 16. Ne2 c5 17. Nf4 Rd8 18. h4 Nc6 19. g4 Rd7 20. g5 c4+ 21.
Kd2 hxg5 22. hxg5 Bd8 23. g6 Rda7 24. Nxd5 Rxa2 25. Rxa2 Rxa2 26. Rh8+ Kxh8 27.
gxf7 c3+ 28. Kd3 cxb2 29. f8=Q+ Kh7 30. Nd2 b3 31. Qf5+ Kh8 32. Qh3+ 1-0

[Event "International OPEN "]
[Site "Paracin, Pool "]
[Date "2020.07.03"]
[Round "1.20"]
[White "Dinic, Nenad"]
[Black "Mitev, Valentin"]
[Result "0-1"]
[WhiteElo "1835"]
[BlackElo "2240"]
[PlyCount "52"]
[EventDate "2020.07.03"]

1. e4 c5 2. Nf3 d6 3. Bb5+ Nd7 4. O-O a6 5. Bxd7+ Bxd7 6. Re1 e6 7. c3 c4 8. b3
b5 9. bxc4 bxc4 10. Na3 Qc7 11. Qe2 Rc8 12. Rb1 Nf6 13. Nd4 e5 14. Ndc2 Be6 15.
f3 h5 16. d4 cxd3 17. Qxd3 Bxa2 18. Rb2 Bc4 19. Qd1 Be6 20. Qd3 d5 21. Qxa6
Bc5+ 22. Kh1 dxe4 23. fxe4 O-O 24. Rb7 Qd8 25. Qe2 Ng4 26. h3 Qh4 0-1